Cities by emojis (Part 4) - Statistics

General Stats
  • This quiz has been taken 34 times
  • The average score is 12 of 20
Answer Stats
Picture Answer % Correct
Vatican City
88%
São Paulo
82%
Houston
79%
Boston
76%
Detroit
76%
Cannes
74%
Wuhan
74%
Hong Kong
71%
Philadelphia
71%
Seattle
71%
Casablanca
65%
Vladivostok
56%
Dubrovnik
53%
Glasgow
53%
Geneva
47%
Fez
44%
Nairobi
44%
Cape Town
38%
Chengdu
21%
Prague
3%
No matching quizzes found
Score Distribution
Percent of People with Each Score
Percentile by Number Answered
Your Score History
You have not taken this quiz